000 00837nam a22002657a 4500
001 BR6002806
003 BR-BrBNA
005 20230928083137.0
007 ta
008 230509b bl.||||| |||| 00| 0 por d
040 _aBR-BrBNA
_bpor
_cBiblioteca Nacional de Agricultura
041 _a(Por)
072 _aE10
_b/G514
090 _ E10 BR6002806
110 1 _aInstituto Brasileiro de Reforma Agraria, Rio de Janeiro, GB. Servicos Gerais de Planejamento e Coordenacao
_95833
245 1 _aOrcamento programa (reformulado). Quadros analiticos 1967 [Instituto Brasileiro de Reforma Agraria; Brasil]
260 3 _aRio de Janeiro, GB (Brasil):
_c[nd].
300 _a107 p.
500 _aPublished 1966 ?
650 _aORCAMENTO
650 _aRECEITA
650 _aDESPESA
909 _a202309
_bLucia
_c55
_dLucia Elande
942 _cBK
999 _c11809
_d11809